000 00406nam a2200145Ia 4500
008 090124s9999 xx 000 0 und d
082 _b33130
245 _a पहिला चहा भाग 1
250 _a1
260 _bमराठे ह.मो.
_c2004
300 _a304
630 _a पहिला चहा भाग 1
730 _a पहिला चहा भाग 1
942 _cBOOK
999 _c180634
_d180634